000 00602nam a2200229Ia 4500
003 OSt
005 20220928105008.0
006 a|||||r|||| 00| 0
007 ta
008 220927b |||||||| |||| 00| 0 eng d
024 _a9917
037 _cTextual
040 _aSDCL
_cSDCL
_beng
041 _2eng
_aeng
082 _aO152,6NRR:g, P7
100 _aRai Ramkamal
_9413235
245 0 _aEk antheen talaash.
260 _aNew Delhi
_bNational Publishing House
_c2007
300 _a322p
_ccm.
942 _hO152,6NRR:g, P7
_cTEXL
_2CC
999 _c728997
_d728997